000 01061nam a22002897a 4500
003 CHAP
005 20220329135144.0
008 971013s1985 r 00010 d
010 _a31818
011 _a32790
035 _a36905
040 _cCHAP
090 _aFolleto 10936
100 0 0 _aMartínez Ferraté, Jorge Rodolfo.
_972030
245 _aSíntesis de la exposición del IICA en el Simposio
_b: El sector agropecuario de América Latina y El Caribe y la crisis financiera internacional
260 _aMontevido :
_bInstituto Interamericano de Cooperación para la Agricultura,
_c1985
300 _a16 p
590 _aBATCH-UPD
_b10
_c20130110
_lUCH01
_h1854
590 _aBATCH-UPD
_b10
_c20130410
_lUCH01
_h1223
590 _aBATCH-UPD
_b10
_c20130914
_lUCH01
_h1801
590 _aCONVERSION
_b10
_c20130109
_lUCH01
_h1318
650 1 4 _aAgricultura
_xAspectos economicos
_xAmerica Latina.
_91202
650 1 4 _aAgricultura
_xAspectos economicos
_xCaribe.
_91222
901 _aBK
942 _cFOLL
949 _aFolleto 10936
_bBC
_cFOLL
_d-84819
_eTS1
_i36905
_si
999 _c31818
_d31818